| 000 | 00778nas a2200253 4500 | ||
|---|---|---|---|
| 001 | BR0602890 | ||
| 003 | BR-BrBNA | ||
| 005 | 20231205110058.0 | ||
| 007 | ta | ||
| 008 | 230509b bl.|||p| |||| 00| 00por d | ||
| 040 |
_aBR-BrBNA _bpor _cBiblioteca Nacional de Agricultura |
||
| 041 | _a(Pt) | ||
| 072 | _aL73 | ||
| 100 | 1 | _aSantini, A.P.I. | |
| 100 | 1 | _aBrito, L.A.B. | |
| 245 | 1 | _aEstudo da papilomatose cutânea em bovinos leiteiros: comparação de diferentes tratamentos | |
| 650 | _aGADO LEITEIRO | ||
| 650 | _aPAPILOMATOSE | ||
| 650 | _aDOENÇA ANIMAL | ||
| 650 | _aTRATAMENTO | ||
| 773 | 0 |
_tCiência Animal Brasileira (Brazil) _xISSN 1518-2797 _g(Jan-Mar 2004), v. 5(1) p. 39-45 _wBR0602890 |
|
| 909 |
_a202311 _bLúcia _c55 _dLúcia Elande |
||
| 942 |
_2AGRIS _n0 _cANA |
||
| 999 |
_c186118 _d186118 |
||